000 00455nam a2200157Ia 4500
008 151021s9999 xx 000 0 und d
020 _a9.7805581594e+012
050 _aQA 152.2 .B 2008
245 _a_Developmental mathematics Math098/099
260 _aU.S.A Pearson Publishers 2008
300 _axxxii,1234p,;Ill
500 _aIncludes index
500 _aIncludes index
650 _a_Linear Equitions
980 _a^d20120827 10:19:17^okorir
999 _c12482
_d12482